Microfinance India : (Record no. 77195)

MARC details
000 -LEADER
fixed length control field 01226nam a22002177a 4500
005 - DATE AND TIME OF LATEST TRANSACTION
control field 20130830125635.0
010 ## - LCCN (DPL NO)
LC control number ENG-107820
020 ## - INTERNATIONAL STANDARD BOOK NUMBER
International Standard Book Number 9788132110903
Terms of availability 850.00
035 ## - SYSTEM CONTROL NUMBER
System control number EN-91353
037 ## - SOURCE OF ACQUISITION
Source of stock number/acquisition DBAD/PUB
082 ## - DEWEY DECIMAL CLASSIFICATION NUMBER
Classification number 332.0954
100 ## - MAIN ENTRY--PERSONAL NAME
Personal name Puhazhendhi, Venugopalan
245 ## - TITLE STATEMENT
Title Microfinance India :
Statement of responsibility, etc by Venugopalan Puhazhendhi
Remainder of title state of the sector report 2012 /
260 ## - PUBLICATION, DISTRIBUTION, ETC. (IMPRINT)
Place of publication, distribution, etc New Delhi
Name of publisher, distributor, etc Sage Publications
Date of publication, distribution, etc 2013
270 ## - ADDRESS
Address B1/1-1 Mohan Cooperative Industrial Area, Mathura Road
City New Delhi
Postal code 110044
300 ## - PHYSICAL DESCRIPTION
Extent xviii,184p. :
Dimensions 29cm(pbk)
Other physical details ill.
500 ## - GENERAL NOTE
General note Includes bibliographical references (pages [175]-177) and index.
505 ## - FORMATTED CONTENTS NOTE
Formatted contents note Foreword / by Vipin Sharma -- Preface -- Overview -- SHG Bank linkage programme/revisit in progress -- Microfinance institutions/steady recovery -- Financial inclusion/process and progress -- Microfinance/beyond credit -- Policy environment and regulation/sign of reign -- National rural livelihoods mission -- Investment climate/faltering, but hope remains -- Global trend in microfinance -- Future- forward looking -- Appendix -- Bibliography -- Index -- About the author.
650 ## - SUBJECT ADDED ENTRY--TOPICAL TERM
Topical term or geographic name as entry element Microfinance
Geographic subdivision India.
942 ## - ADDED ENTRY ELEMENTS (KOHA)
Source of classification or shelving scheme Dewey Decimal Classification
Item type English Books
Call number suffix PUH
Classification part 332.0954
Holdings
Withdrawn status Lost status Not for loan Collection code Home library Current library Date acquired Source of acquisition Cost, normal purchase price Full call number Barcode Copy number Cost, replacement price Koha item type
    Not For Loan Non-fiction D.B.Act.Division D.B.Act.Division 04/07/2013 DBAD/PUB 850.00 332.0954 PUH EN-91353 1 850.00 English Books

© Delhi Public Library
Hit Counter
free hit counter